Một anh hùng thời đại

Salvato in:
Dettagli Bibliografici
Autore principale: Mikhail Iurievich Lermontov
Natura: Libro
Lingua:Undetermined
Pubblicazione: Tp. HCM Trẻ 2000
Soggetti:
Tags: Aggiungi Tag
Nessun Tag, puoi essere il primo ad aggiungerne! !
Thư viện lưu trữ: Trung tâm Học liệu Trường Đại học Cần Thơ
LEADER 00526nam a2200169Ia 4500
001 CTU_39554
008 210402s9999 xx 000 0 und d
082 |a 891.7 
082 |b L616 
100 |a Mikhail Iurievich Lermontov 
245 0 |a Một anh hùng thời đại 
245 0 |c Mikhail Iurievich Lermontov, Anh Trúc 
260 |a Tp. HCM 
260 |b Trẻ 
260 |c 2000 
650 |a russian fiction - 19th century,russian literature - 19th century 
980 |a Trung tâm Học liệu Trường Đại học Cần Thơ